Statistics for South American Capitals

Click here to take the quiz!

General Stats

  • This quiz has been taken 131 times
  • The average score is 11 of 12

Answer Stats

QuestionAnswer% Correct
PeruLima
98%
ChileSantiago
98%
BrazilBrasilia
97%
ArgentinaBuenos Aires
97%
ColombiaBogota
96%
BoliviaLa Paz and Sucre
94%
EcuadorQuito
91%
VenezuelaCaracas
89%
ParaguayAsunción
82%
UruguayMontevideo
82%
SurinameParamaribo
78%
GuyanaGeorgetown
68%

Score Distribution

Percentile by Number Answered

Percent of People with Each Score

Your Score History

You have not taken this quiz